000 01728cam a2200169 4500500
005 20260111091221.0
041 _afre
042 _adc
100 1 0 _aSalamolard, Michel
_eauthor
245 0 0 _aLe mal : Dieu responsable et innocent
260 _c2005.
500 _a8
520 _aL’année même de son décès, le regretté Adolphe Gesché publiait le premier ouvrage d’une nouvelle série intitulée « Pensées pour penser ». Comme dans sa célèbre série antérieure « Dieu pour penser », l’auteur commence par affronter le mystère du mal. Il invite à « circuler plus libre » dans ses réflexions. Le présent article se veut un hommage critique à Gesché, honorant ainsi son vœu de « reconstruire soi-même ce que l’on cherche à penser ». Trois questions sont abordées : 1. Le mal peut-il être l’objet d’explication ? 2. Dieu a-t-il été surpris par l’idée du mal ? 3. Comment comprendre aujourd’hui la doctrine du péché originel ?
520 _aIn the year of his death, Adolphe Geshé published the first work of a new series intitled Pensées pour penser. As in his previous series Dieu pour penser, Gesché starts with the problem of evil. He invites the reader himself to reconstruct what he intends to think. It is precisely what the present article means to do, in raising three questions : 1. Can evil be an object of explanation ? 2. Has God been surprised by the idea of evil ? 3. How are we today to understand the doctrine of original sin ?
786 0 _nNouvelle revue théologique | 127 | 3 | 2005-07-01 | p. 373-388 | 0029-4845
856 4 1 _uhttps://shs.cairn.info/revue-nouvelle-revue-theologique-2005-3-page-373?lang=fr&redirect-ssocas=7080
999 _c1620635
_d1620635